000 00798cab a2200241 4500
001 L136478
008 070202n2007 000 0 eng u
035 _a(Sirsi) u136478
041 0 _aeng
100 1 _aGrewal, Herpreet Kaur
245 0 0 _aGrowing pains
260 _c2007
490 0 0 _aRegeneration and Renewal
_v26 January 2007, 20-23(3)
520 _aReports on doubts over infrastructure funding for an ambitious regional spatial strategy in the M11 corridor involving planned housing growth. Focuses on some key developments and key players.
590 _aKA
651 4 _aLONDON
651 4 _aHERTFORDSHIRE
651 4 _aESSEX
651 4 _aCAMBRIDGESHIRE
690 _aPROPERTY-RESIDENTIAL PROPERTY-RESIDENTIAL PROPERTY DEVELOPMENT
700 1 _aBranson, Adam
942 _n0
999 _c78308
_d78308